| 000 | 00963cab a2200277 4500 | ||
|---|---|---|---|
| 001 | WB2915-29 | ||
| 008 | 090401t1993 xxu||||| |||| 00| 0 eng d | ||
| 035 | _a(Sirsi) u5967 | ||
| 041 | _aeng | ||
| 245 | _aHousing association estates | ||
| 260 | _c1993 | ||
| 350 | _a0 | ||
| 490 |
_aFinancial Times _v21 April 1993, 8(1) |
||
| 520 | _aA Joseph Rowntree Foundation report, "Building for communities" £7.50, warns that reductions in Government funding, forcing housing associations to get value for money by building large housing estates and regulations, requiring associations to allocate 70% of homes to homeless families, will lead to deprived estates with high crime rates. | ||
| 650 | _aCOMMUNITY | ||
| 650 | _aCRIME | ||
| 650 | _aFUNDING | ||
| 650 | _aHOMELESS | ||
| 650 | _aHOUSING ASSOCIATIONS | ||
| 650 | _aHOUSING ESTATES | ||
| 650 | _aINTEGRATION | ||
| 650 | _aMANAGEMENT | ||
| 690 | _aHOUSING | ||
| 942 | _n0 | ||
| 948 | _c04/03/1997 | ||
| 999 |
_c3575 _d3575 |
||